000
00278nam a2200133Ia 4500
100
_a
Nuttall/T
942
_c
BK
654
_a
Workshop
245
_a
Workshop Technology
260
_b
English language book society
_c
2001
082
_a
671
300
_a
552
546
_a
ENGLISH
999
_c
19361
_d
19361